Statistics for Bodies of Water around the Indo-China Peninsula

Click here to take the quiz!

General Stats

  • This quiz has been taken 65 times
  • The average score is 5 of 8

Answer Stats

Answer% Correct
{South China} Sea
92%
Bay of {Bengal}
88%
Gulf of {Thailand}
69%
Strait of {Malacca}
60%
{Andaman} Sea
58%
Strait of {Singapore}
46%
Gulf of {Tonkin}
31%
{Johor} Strait
8%

Score Distribution

Percentile by Number Answered

Percent of People with Each Score

Your Score History

You have not taken this quiz